U.S. Vice Presidents Who Became President - Statistics

General Stats
  • This quiz has been taken 15,925 times
    15,482 since last reset
  • The average score is 12 of 15
Answer Stats
Inaugurated Reason Answer % Correct
2021 Elected Joe Biden
98%
1989 Elected George H. W. Bush
93%
1963 Assassination Lyndon B. Johnson
91%
1969 Elected Richard Nixon
90%
1797 Elected John Adams
89%
1865 Assassination Andrew Johnson
88%
1974 Resignation Gerald Ford
88%
1945 Death Harry Truman
85%
1801 Elected Thomas Jefferson
85%
1901 Assassination Theodore Roosevelt
81%
1923 Death Calvin Coolidge
69%
1841 Death John Tyler
62%
1837 Elected Martin Van Buren
62%
1881 Assassination Chester A. Arthur
54%
1850 Death Millard Fillmore
54%
No matching quizzes found
Score Distribution
Percent of People with Each Score
Percentile by Number Answered
Your Score History
You have not taken this quiz since the last reset